000 00502nam a2200181 a 4500
001 2994
005 20140414131855.0
008 060103s19uu xx 00 eng d
020 _a0-590-23780-2
050 _aREF 912.014
_bAt1 1996
245 _aAtlas :
_bscholastic student desk.
260 _aNew York :
_bScholastic,
_c1996.
300 _a29 p. : ill. ; cm.
440 _aScholastic Skills Books.
500 _aIncludes index.
650 _aMap reading
_xJuvenile literature.
999 _c110399
_d110399